00346nam a2200145Ia 4500008004100000020001500041041000800056082001600064100002700080245002700107250000600134260003800140300001300178650000900191210716s1997 xx 000 0 und d a8170298482 aeng a005.43 KANY aKanetkar, Yashavant P. aTest your unix skills. a1 aNew DelhibBPB Publicationsc1997 aviii,202 aUnix